Statistics for Quick Math #1

Click here to take the quiz!

General Stats

  • This quiz has been taken 21 times
  • The average score is 13 of 14

Answer Stats

Math ProblemsAnswer% Correct
1+1+100/252
100%
780-790-10
95%
12x13156
95%
700-900-200
95%
1093+10922185
95%
100+22192319
95%
1092-1095-3
95%
10x90900
95%
45x3/622.5
90%
546/2273
90%
99999-1000189998
90%
246x153690
85%
10945/52189
70%
94x343196
65%

Score Distribution

Percentile by Number Answered

Percent of People with Each Score

Your Score History

You have not taken this quiz